Normal view
MARC view
Entry Personal Name
001 - CONTROL NUMBER
- control field: 10770
003 - CONTROL NUMBER IDENTIFIER
- control field: ARRUPE
005 - DATE AND TIME OF LATEST TRANSACTION
- control field: 20140610163941.0
008 - FIXED-LENGTH DATA ELEMENTS
- fixed length control field: 140610|| aca||aabn | a|a d
040 ## - CATALOGING SOURCE
- Original cataloging agency: ARRUPE
- Transcribing agency: ARRUPE
100 ## - HEADING--PERSONAL NAME
- Personal name: Neumann, Arthur H.
670 ## - SOURCE DATA FOUND
- Source citation: Work cat.: (ARRUPE)0: Neumann, Arthur H., Elephant hunting in East Equatorial Africa /, 1982.